000 01223nam a2200301 a 4500
001 000017759
003 DO-SdBNP
005 20240304101917.0
007 000017759
008 100331s2003 dr a 000 0 spa d
020 _a9945406027
040 _aBPMSU
_bspa
_cBPMSU
082 4 _a923.57293
_bN273C 2003
_2 22
100 1 _aCassá, Roberto,
_d1948-
245 1 0 _aRamón Natera :
_bel señor del monte /
_cRoberto Cassá ; ilustraciones Ramiro Manzano.
260 _aSanto Domingo :
_bTobogan,
_c2003.
300 _a78 p. :
_bil. ;
_c21 cm.
490 0 _aBiografías dominicanas Tobogán,
504 _aIncluye bibliografía (p. 77-78).
505 0 _aEl contexto del caudillo -- Configuración del "gavillerismo" -- Epicentro en el Este -- Orígenes de Natera -- Intervención militar -- La campaña de Vicente Evangelista -- La saga del rebelde -- La recomposición de la jefatura -- la inssurgencia estancada -- Acoso, redición y asesinato.
590 _aInventariado, 2024/VM
600 1 4 _aNatera, Ramón
650 4 _aRepública Dominicana
_xBiografías
650 4 _aRepública Dominicana
_xHistoria
700 1 _aManzano, Ramiro,
_eil.
910 _aVMateo V. Control de calidad. BPMSU
942 _2ddc
_cBK
999 _c7703
_d7703